000 00406 a2200157 4500
003 Nust
005 20170207170502.0
020 _a1-4116-3184-6
040 _cNust
082 _a004
100 _aKhmelnik, Solomon I.
245 _aComputer arithmetic of geometrical figures algorithms and hardware design (EBOOK)
_cSolomon I. Khmelnik
260 _aCanada
300 _a149 p.
650 _aComputer Arithmetic
942 _2ddc
_cBK
999 _c215084
_d215084